|
|
|
|
| LEADER |
00000nam2a2200000 4500 |
| 001 |
368726 |
| 005 |
20231102012118.0 |
| 035 |
|
|
|a (RuTPU)RU\TPU\retro\26108
|
| 035 |
|
|
|a RU\TPU\retro\26107
|
| 090 |
|
|
|a 368726
|
| 100 |
|
|
|a 20220419d1965 k y0rusy50 ca
|
| 101 |
0 |
|
|a rus
|
| 102 |
|
|
|a RU
|
| 105 |
|
|
|a a z 001zy
|
| 200 |
0 |
|
|a № 53. Вып. 2 : Из истории партийных организаций Западной Сибири и Казахстана после XX съезда КПСС
|f под ред. А. Т. Коняева
|
| 210 |
|
|
|d 1965
|
| 215 |
|
|
|a 177 с.
|c ил., карта
|
| 320 |
|
|
|a Библиография в конце статей
|
| 461 |
|
1 |
|0 (RuTPU)RU\TPU\retro\10857
|t Ученые записки
|o [сборник статей]
|f Томский государственный университет (ТГУ)
|v № 53. Вып. 2 : Из истории партийных организаций Западной Сибири и Казахстана после XX съезда КПСС
|d 1946-
|s Ученые записки Томского государственного университета (ТГУ)
|
| 606 |
1 |
|
|a Университеты
|2 stltpush
|3 (RuTPU)RU\TPU\subj\63052
|9 80100
|
| 606 |
1 |
|
|a Историография истории КПСС
|2 stltpush
|3 (RuTPU)RU\TPU\subj\13264
|9 39907
|
| 610 |
1 |
|
|a партийные организации
|
| 610 |
1 |
|
|a Алтайский край
|
| 610 |
1 |
|
|a деятельность
|
| 610 |
1 |
|
|a Томская область
|
| 610 |
1 |
|
|a идеологическая работа
|
| 610 |
1 |
|
|a экономическое образование
|
| 610 |
1 |
|
|a сельские поселения
|
| 610 |
1 |
|
|a Западный Казахстан
|
| 610 |
1 |
|
|a коммунисты
|
| 610 |
1 |
|
|a партийный контроль
|
| 610 |
1 |
|
|a рационализация
|
| 610 |
1 |
|
|a металлургические заводы
|
| 610 |
1 |
|
|a Кузбасс
|
| 610 |
1 |
|
|a азотно-туковый завод
|
| 686 |
|
|
|a Ч484(2)71
|2 rubbk
|
| 686 |
|
|
|a Ф61(2)2г
|2 rubbk
|
| 702 |
|
1 |
|a Коняев
|b А. Т.
|4 340
|
| 801 |
|
1 |
|a RU
|b 63413507
|c 20130206
|
| 801 |
|
2 |
|a RU
|b 63413507
|c 20220421
|g RCR
|
| 942 |
|
|
|c BK
|